000 00371nam a2200145Ia 4500
008 230312s9999||||xx |||||||||||||| ||und||
020 _a1-138-69447-7
082 _a624.068
_bMAR-C
100 _aMarch;Chris
245 0 _aConstruction management theory and practice
260 _bMarch
_aUK
_c2017
300 _a471
650 _aArchitecture
_vArchitecture
942 _cBK
999 _c12656
_d12656